000 00319nam a2200133Ia 4500
008 231129s1976||||xx |||||||||||||| ||spa||
040 _bspa
082 _a986.101 P838
100 _aPorras G. Pedro I.
245 0 _aEcuador prehistorico
260 _c1976
264 _aInstituto Geografico Militar
942 _2ddc
_cBKS
999 _c9941
_d9941